| 000 | 01473nam a2200409Li 4500 | ||
|---|---|---|---|
| 001 | 74088 | ||
| 005 | 20230410123913.0 | ||
| 008 | 020729s2002 vp 000 0 fre d | ||
| 035 | _a(OCoLC)ocn470206650 | ||
| 040 |
_aBDF _bfre _cBDF |
||
| 015 |
_a00225507 _2bnf |
||
| 016 | 7 |
_aFRBNF388602400000008 _2FrPBN |
|
| 020 | _a2275021310 (LGDJ) | ||
| 020 | _a9782275021317 (LGDJ) | ||
| 020 | _a2802715852 (Bruylant, br) | ||
| 020 | _a9782802715856 (Bruylant, br) | ||
| 035 | _a(OCoLC)470206650 | ||
| 082 | 1 |
_a344.035 _222 |
|
| 049 | _aGRAL | ||
| 050 | 1 | 4 | _aL99 2002 |
| 245 | 0 | 2 |
_aL'institution du droit pénitentiaire : _benjeux de la reconnaissance de droits aux détenus / _csous la dir. de Olivier De Schutter et Dan Kaminski. |
| 260 |
_aParis : _bLGDJ ; _a[Bruxelles] : _bBruylant, _c2002 _e(46-Cahors : _fImpr. France Quercy) |
||
| 300 |
_aVII-308 p. ; _c24 cm. |
||
| 490 | 0 | _aLa pensée juridique | |
| 500 | _aIndex. | ||
| 650 | 7 |
_aPrisons _xDroit. _2ram |
|
| 650 | 7 |
_aPrisonniers _xStatut juridique. _2ram |
|
| 700 | 1 |
_aDe Schutter, Olivier. _4pbd |
|
| 700 | 1 |
_aKaminski, Dan, _d1961-.... _4pbd |
|
| 760 | 0 |
_tLa Pensée juridique, _d2002 _x1631-0470 _w(FrPBN)37581966 |
|
| 856 | 4 | 2 |
_3Notice et cote du catalogue de la Bibliotháeque nationale de France _uhttp://catalogue.bnf.fr/ark:/12148/cb38860240w |
| 886 | 1 |
_2intermrc _a009 _ba--d--------------- |
|
| 886 | 2 |
_2intermrc _a680 _b0- _a340 _b340 |
|
| 942 |
_2lcc _cbk |
||
| 946 | _amfcruz | ||
| 994 |
_aC0 _bDRFGD |
||
| 999 |
_c67981 _d67981 |
||